[Event "Tourn. n9624"]
[Site "www.chess-mail.com"]
[Date "2017.12.05"]
[Round "1"]
[White "Marbachess"]
[Black "Coolant"]
[WhiteElo "2570"]
[BlackElo "2330"]
[Result "1-0"]
[Round "1"]
1.f4 Ng8f6
2.b3 c5
3.Bc1b2 Nb8c6
4.Ng1f3 d5
5.g3 Bc8g4
6.Bf1g2 Bg4xf3
7.Bg2xf3 e5
8.fxe5 Nf6e4
9.c4 { resign }
1-0

[Event "Tourn. n9597"]
[Site "www.chess-mail.com"]
[Date "2017.12.05"]
[Round "1"]
[White "Destructor"]
[Black "Jesmantiz"]
[WhiteElo "2459"]
[BlackElo "2260"]
[Result "1-0"]
[Round "1"]
1.e4 c6
2.d4 d6
3.f4 g6
4.Ng1f3 Bf8g7
5.Nb1c3 e6
6.e5 d5
7.Bf1d3 Ng8e7
8.Bc1e3 O-O
9.Qd1d2 Nb8d7
10.g4 b5
11.h4 Nd7b6
12.h5 Nb6c4
13.Bd3xc4 dxc4
14.hxg6 fxg6
15.Qd2h2 Ne7d5
16.Qh2xh7 Kf7
17.Nf3g5 Ke8
18.Qh7xg7 Nd5xe3
19.Qg7xg6 Kd7
20.Rh1h7 Qd8e7
21.Qg6xe6 { resign }
1-0

[Event "Tourn. n9596"]
[Site "www.chess-mail.com"]
[Date "2017.12.05"]
[Round "1"]
[White "Attatroll"]
[Black "Roque1"]
[WhiteElo "2000"]
[BlackElo "1870"]
[Result "1-0"]
[Round "1"]
1.e4 c5
2.Nb1c3 e6
3.g4 Nb8c6
4.Bf1g2 g6
5.h3 Bf8g7
6.d3 Ng8f6
7.Ng1e2 O-O
8.O-O e5
9.f4 d6
10.f5 Qd8b6
11.Kh1 Bc8d7
12.Nc3d5 Nf6xd5
13.exd5 Nc6d4
14.Ne2xd4 cxd4
15.f6 Bg7h8
16.Bc1h6 Rf8c8
17.Qd1f3 Qb6xb2
18.Ra1b1 Qb2xa2
19.Rb1xb7 Bd7a4
20.h4 Rc8xc2
21.h5 Ra8c8
22.hxg6 hxg6
23.Bh6g7 Rc8c7
24.Rb7b8 Rc7c8
25.Rb8xc8 Rc2xc8
26.Bg7xh8 Kxh8
27.Qf3h3 Kg8
28.Qh3h6 { resign }
1-0

[Event "Tourn. n9593"]
[Site "www.chess-mail.com"]
[Date "2017.12.05"]
[Round "1"]
[White "Osopanda"]
[Black "Cristiano"]
[WhiteElo "1650"]
[BlackElo "1770"]
[Result "1-0"]
[Round "1"]
1.d4 Ng8f6
2.c4 g6
3.Nb1c3 Bf8g7
4.e4 d6
5.f4 O-O
6.Ng1f3 Nb8d7
7.d5 c5
8.Bf1d3 a6
9.O-O e5
10.dxe6 fxe6
11.Nf3g5 Nd7b6
12.Bc1e3 Bc8d7
13.f5 exf5
14.exf5 gxf5
15.Nc3d5 Nf6xd5
16.cxd5 c4
17.Bd3c2 h6
18.Ng5e6 Bd7xe6
19.dxe6 Qd8c7
20.Bc2xf5 Ra8e8
21.Qd1g4 Nb6d5
22.Qg4g6 { resign }
1-0

[Event "Tourn. n9640"]
[Site "www.chess-mail.com"]
[Date "2017.12.05"]
[Round "1"]
[White "Fantomas"]
[Black "Vios"]
[WhiteElo "2230"]
[BlackElo "2250"]
[Result "0-1"]
[Round "1"]
1.f4 e5
2.d3 Nb8c6
3.Ng1f3 exf4
4.Bc1xf4 Ng8f6
5.a3 d5
6.Bf4g3 Bc8f5
7.Nb1c3 Bf8d6
8.Bg3xd6 Qd8xd6
9.Qd1d2 O-O
10.Nc3b5 Qd6e7
11.Nb5d4 Nc6xd4
12.Nf3xd4 Bf5g6
13.c3 c5
14.Nd4c2 Nf6g4
15.h3 Qe7h4
16.Kd1 Ng4f2
{ resign }
0-1

[Event "Tourn. n9573"]
[Site "www.chess-mail.com"]
[Date "2017.12.05"]
[Round "1"]
[White "Attatroll"]
[Black "Falcoale"]
[WhiteElo "1970"]
[BlackElo "2020"]
[Result "0-1"]
[Round "1"]
1.d4 Ng8f6
2.c4 e6
3.Nb1c3 b6
4.e4 Bc8b7
5.f3 Bf8b4
6.Ng1e2 O-O
7.a3 Bb4e7
8.Bc1e3 Rf8e8
9.Ne2g3 d5
10.cxd5 exd5
11.e5 Nf6d7
12.Bf1d3 c5
13.Ng3f5 Be7f8
14.Qd1c2 cxd4
15.Be3xd4 Nb8c6
16.O-O g6
17.Nf5h4 Nc6xd4
18.Qc2d2 Qd8xh4
19.g3 Qh4e7
20.f4 Nd4b3
21.Qd2e2 Nd7c5
22.Bd3b5 Re8d8
23.Rf1d1 a6
24.Bb5a4 b5
25.Ba4xb3 Nc5xb3
26.Ra1b1 d4
27.Nc3e4 Bb7xe4
28.Qe2xe4 Qe7c7
29.e6 Nb3c5
30.exf7 Qc7xf7
31.Qe4f3 Ra8a7
32.Qf3c6 d3
{ resign }
0-1

[Event "Tourn. n9618"]
[Site "www.chess-mail.com"]
[Date "2017.12.05"]
[Round "1"]
[White "Norlavuaram"]
[Black "Joaodelisboa"]
[WhiteElo "2110"]
[BlackElo "2130"]
[Result "0-1"]
[Round "1"]
1.e4 c5
2.Ng1f3 e6
3.d4 cxd4
4.Nf3xd4 Ng8f6
5.Bf1d3 Bf8c5
6.Nd4f3 Qd8b6
7.O-O d6
8.Nb1c3 Bc8d7
9.a3 Nf6g4
10.Qd1e2 Ng4xf2
11.Rf1xf2 Bc5xf2
12.Qe2xf2 { time. }
0-1

[Event "Tourn. n9603"]
[Site "www.chess-mail.com"]
[Date "2017.12.05"]
[Round "1"]
[White "Cal"]
[Black "Tobernor"]
[WhiteElo "1670"]
[BlackElo "1599"]
[Result "0-1"]
[Round "1"]
1.c4 Ng8f6
2.d3 g6
3.e4 d6
4.h3 Bf8g7
5.Nb1c3 c5
6.Bc1f4 Nb8c6
7.Ng1f3 O-O
8.a3 a6
9.Bf1e2 Ra8b8
10.O-O Nf6h5
11.Bf4h2 b5
12.Nf3g5 e5
13.b3 Qd8xg5
14.Nc3d5 Bc8xh3
15.g3 Bh3xf1
16.Be2xf1 Nh5f4
17.Nd5xf4 exf4
18.Kg2 Bg7xa1
19.Qd1xa1 Nc6d4
20.b4 f3
21.Kg1 bxc4
22.dxc4 Qg5d2
23.g4 Nd4e2
24.Bf1xe2 fxe2
25.Kg2 e1Q
26.Qa1f6 Qe1xe4
27.Kg3 Qe4e5
28.Qf6xe5 dxe5
29.Kg2 cxb4
30.Bh2xe5 bxa3
{ resign }
0-1

[Event "Tourn. n9618"]
[Site "www.chess-mail.com"]
[Date "2017.12.05"]
[Round "1"]
[White "Piekki"]
[Black "Fantomas"]
[WhiteElo "2160"]
[BlackElo "2130"]
[Result "0-1"]
[Round "1"]
1.g3 d5
2.Bf1g2 Ng8f6
3.d3 e5
4.Ng1f3 Nb8c6
5.O-O h6
6.Nb1d2 Bc8e6
7.e4 Bf8e7
8.Rf1e1 d4
9.Nd2f1 Qd8d7
10.h4 O-O-O
11.Nf3h2 Rd8g8
12.f4 exf4
13.gxf4 Qd7d8
14.f5 Be6d7
15.e5 Nf6h7
16.e6 fxe6
17.fxe6 Bd7e8
18.Re1e4 Nh7f6
19.Re4f4 Qd8d6
20.Qd1e1 g5
21.Rf4xf6 Be7xf6
22.h5 g4
23.Nf1g3 Bf6e5
{ resign }
0-1

[Event "Tourn. n9491"]
[Site "www.chess-mail.com"]
[Date "2017.12.05"]
[Round "1"]
[White "Mozgegorov"]
[Black "Luizassis"]
[WhiteElo "999"]
[BlackElo "1210"]
[Result "1-0"]
[Round "1"]
1.e4 e5
2.Ng1f3 f5
3.Nb1c3 Bf8c5
4.Bf1c4 fxe4
5.Nf3xe5 Qd8f6
6.Ne5g4 Qf6f4
7.d4 Qf4d6
8.dxc5 Qd6xc5
9.Bc4xg8 Rh8xg8
10.Bc1e3 Qc5c4
11.Ng4e5 Qc4b4
12.O-O Qb4xb2
13.Qd1h5 g6
14.Qh5xh7 Rg8f8
15.Qh7xg6 Kd8
16.Be3g5 Rf8f6
17.Bg5xf6 { resign }
1-0

[Event "Tourn. n9604"]
[Site "www.chess-mail.com"]
[Date "2017.12.05"]
[Round "1"]
[White "Add"]
[Black "Norlavuaram"]
[WhiteElo "2190"]
[BlackElo "2130"]
[Result "1-0"]
[Round "1"]
1.c4 Ng8f6
2.Nb1c3 e5
3.e4 Bf8e7
4.Ng1f3 Nb8c6
5.d3 O-O
6.h3 d6
7.b3 Bc8d7
8.Bf1e2 h6
9.Bc1d2 Rf8e8
10.Nc3d5 Nf6xd5
11.cxd5 Nc6d4
12.Bd2c3 Nd4xe2
13.Qd1xe2 f5
14.exf5 Bd7xf5
15.O-O Re8f8
16.Nf3d2 Qd8d7
17.Nd2e4 c6
18.dxc6 bxc6
19.Ne4g3 Bf5e6
20.d4 Be7f6
{ time. }
1-0

[Event "Tourn. n9555"]
[Site "www.chess-mail.com"]
[Date "2017.12.05"]
[Round "1"]
[White "Tonino1"]
[Black "Norlavuaram"]
[WhiteElo "2170"]
[BlackElo "2130"]
[Result "1-0"]
[Round "1"]
1.d4 Ng8f6
2.f4 d5
3.e3 e6
4.Bf1d3 Bf8d6
5.Ng1f3 O-O
6.c3 c5
7.O-O Nb8c6
8.Nb1d2 a6
9.Nf3e5 c4
10.Bd3c2 Qd8c7
11.Qd1e2 b5
12.Ne5xc6 Qc7xc6
13.e4 Bd6e7
14.e5 Nf6d7
15.Rf1f3 f6
16.Rf3h3 fxe5
17.fxe5 g6
18.Rh3xh7 Rf8f7
19.Rh7xf7 Kxf7
20.Qe2g4 Nd7f8
21.Nd2f3 Qc6e8
22.Bc1h6 Kg8
23.Bh6xf8 Qe8xf8
24.Qg4xg6 Qf8g7
25.Ra1f1 Qg7xg6
26.Bc2xg6 Kg7
27.Bg6e8 Kf8
28.Be8h5 Bc8d7
29.Nf3h4 Kg8
30.Nh4g6 Be7f8
31.Ng6xf8 Ra8xf8
32.Rf1xf8 Kxf8
33.h4 Kg7
34.g4 a5
35.g5 b4
36.Kf2 bxc3
37.bxc3 Bd7a4
38.Ke3 Ba4c2
39.Bh5g4 Kf7
40.h5 Bc2b1
41.a3 Bb1e4
42.g6 Ke7
43.Kf4 { resign }
1-0

[Event "Tourn. n9566"]
[Site "www.chess-mail.com"]
[Date "2017.12.05"]
[Round "1"]
[White "Norlavuaram"]
[Black "Bojan"]
[WhiteElo "2140"]
[BlackElo "2010"]
[Result "0-1"]
[Round "1"]
1.e4 e5
2.Qd1e2 Ng8f6
3.Ng1f3 d6
4.h3 c6
5.d3 h6
6.g3 c5
7.Bf1g2 Nb8c6
8.c3 Nf6h7
9.O-O Bf8e7
10.Nb1d2 Bc8e6
11.Rf1d1 Qd8d7
12.Nd2f1 Be6xh3
13.Bg2h1 O-O
14.Nf1e3 Nh7g5
15.Nf3xg5 Be7xg5
16.Bc1d2 Nc6e7
17.Ne3g2 Bg5xd2
18.Rd1xd2 b6
19.Ng2e1 Ra8c8
20.Ne1f3 Bh3g4
21.Bh1g2 f5
22.exf5 Qd7xf5
23.Nf3h4 Qf5h5
24.f3 Bg4e6
25.f4 Qh5e8
26.fxe5 d5
27.d4 c4
28.Ra1f1 g5
29.Nh4f3 Be6g4
30.Qe2d1 Qe8h5
31.Rd2f2 Ne7f5
32.Qd1c2 Nf5e3
{ resign }
0-1

[Event "Tourn. n9594"]
[Site "www.chess-mail.com"]
[Date "2017.12.05"]
[Round "1"]
[White "Fantomas"]
[Black "Norlavuaram"]
[WhiteElo "2120"]
[BlackElo "2120"]
[Result "1-0"]
[Round "1"]
1.e4 e5
2.Ng1f3 Nb8c6
3.Bf1b5 a6
4.Bb5a4 Ng8f6
5.d3 b5
6.Ba4b3 Bf8e7
7.a3 O-O
8.O-O d6
9.h3 Nc6b8
10.c4 c6
11.Nb1c3 Bc8b7
12.Bb3c2 Nb8d7
13.b3 Qd8c7
14.Bc1e3 Ra8d8
15.Nc3e2 c5
16.Nf3d2 h6
17.f4 exf4
18.Ne2xf4 Rf8e8
19.Nf4d5 Nf6xd5
20.cxd5 Be7f8
21.Qd1g4 Nd7f6
22.Rf1xf6 { resign }
1-0

[Event "Tourn. n9581"]
[Site "www.chess-mail.com"]
[Date "2017.12.05"]
[Round "1"]
[White "Norlavuaram"]
[Black "Apdash"]
[WhiteElo "2160"]
[BlackElo "2240"]
[Result "0-1"]
[Round "1"]
1.e4 c5
2.Ng1f3 Nb8c6
3.d4 cxd4
4.Nf3xd4 e5
5.Nd4b5 d6
6.c4 a6
7.Nb5c3 f5
8.Nb1d2 Ng8f6
9.Bf1d3 f4
10.f3 Nf6h5
11.Nc3e2 Qd8b6
12.b3 g5
13.Bc1b2 Rh8g8
14.Qd1c2 Nc6b4
15.Qc2b1 Qb6e3
16.Bd3c2 g4
17.Nd2f1 Qe3b6
18.a3 gxf3
19.gxf3 Rg8g2
20.Bc2d1 Nb4c6
21.Qb1d3 Bf8e7
22.Bd1c2 Qb6f2
23.Kd1 Bc8h3
24.b4 Be7h4
25.Bb2c3 Rg2g6
26.Kd2 Bh3g2
{ resign }
0-1

[Event "Tourn. n9603"]
[Site "www.chess-mail.com"]
[Date "2017.12.05"]
[Round "1"]
[White "Tarasch"]
[Black "Begory"]
[WhiteElo "1499"]
[BlackElo "1550"]
[Result "1-0"]
[Round "1"]
1.d4 d5
2.c4 Ng8f6
3.Nb1c3 c6
4.Ng1f3 Bc8f5
5.e3 e6
6.Bf1d3 Bf5g4
7.O-O Bf8b4
8.cxd5 cxd5
9.Qd1a4 Nb8c6
10.Nf3e5 Qd8b6
11.Bd3b5 Bb4xc3
12.bxc3 Ra8c8
13.Bc1a3 a6
14.Bb5xc6 bxc6
15.Ra1b1 Qb6c7
16.Qa4xa6 Nf6d7
17.Ne5xg4 c5
18.Rb1b7 Qc7c6
19.Qa6xc6 Rc8xc6
20.Ba3xc5 h5
21.Ng4e5 h4
22.Ne5xc6 { resign }
1-0

[Event "Match"]
[Site "www.echecsemail.com"]
[Date "2017.12.05"]
[Round "1"]
[White "Bjonil60"]
[Black "Tarasch"]
[WhiteElo "1510"]
[BlackElo "1499"]
[Result "0-1"]
[Round "1"]
1.d4 Ng8f6
2.e3 g6
3.Qd1e2 Bf8g7
4.Ng1f3 O-O
5.Nb1c3 d6
6.Bc1d2 c5
7.d5 e6
8.e4 exd5
9.exd5 Rf8e8
10.Bd2e3 Nf6g4
11.h3 Ng4xe3
12.fxe3 Bg7xc3
13.bxc3 Qd8e7
14.c4 Qe7xe3
15.h4 Qe3c3
16.Kf2 Re8xe2
17.Bf1xe2 Bc8g4
18.Nf3g5 Bg4xe2
19.Kxe2 Qc3xc4
20.Kd2 Qc4xd5
21.Kc1 Qd5xg2
22.Rh1h3 Nb8c6
23.Rh3e3 Nc6d4
24.c3 Qg2c2

0-1

[Event "Match"]
[Site "www.echecsemail.com"]
[Date "2017.12.05"]
[Round "1"]
[White "Cal"]
[Black "Redapond1"]
[WhiteElo "1710"]
[BlackElo "1640"]
[Result "0-1"]
[Round "1"]
1.c4 d5
2.cxd5 Qd8xd5
3.Nb1c3 Qd5d8
4.e4 Nb8c6
5.h3 Ng8f6
6.d4 Qd8xd4
7.Bc1d2 Nf6xe4
8.Qd1e2 Qd4xd2
9.Qe2xd2 Ne4xd2
10.Kxd2 Bc8f5
11.Kc1 O-O-O
12.Ng1f3 e5
13.Nf3h4 Bf5e6
14.Kc2 Bf8e7
15.g4 Be7xh4
16.Nc3e4 Be6d5
17.f3 Bd5xe4
18.fxe4 Rd8d4
19.Bf1d3 Rh8d8
20.Rh1f1 Rd4xd3
21.Rf1xf7 Bh4f6
22.Ra1c1 Rd3xh3
23.Rc1g1 Rd8d7
24.a3 Rd7xf7
25.g5 Bf6e7
26.Rg1g2 Nc6d4
27.Kb1 Rh3e3
28.g6 hxg6
29.Rg2xg6 Rf7f1
30.Ka2 Be7f6
31.Rg6g2 Re3xe4
32.Rg2h2 Re4e2
33.Rh2h8 Kd7
34.Rh8a8 a6
35.Ra8b8 Re2e1
36.b3 Re1e2
{ resign }
0-1

[Event "Match"]
[Site "www.echecsemail.com"]
[Date "2017.12.05"]
[Round "1"]
[White "Apdash"]
[Black "Ericleo1980"]
[WhiteElo "1920"]
[BlackElo "2270"]
[Result "1/2-1/2"]
[Round "1"]
1.e4 c5
2.Ng1f3 d6
3.d4 cxd4
4.Nf3xd4 Ng8f6
5.Nb1c3 a6
6.Bf1d3 e6
7.O-O b5
8.Bc1g5 Nb8d7
9.Kh1 Bc8b7
10.Qd1e2 Qd8b6
11.Bg5e3 Qb6c7
12.f4 Bf8e7
13.Ra1d1 Nd7c5
14.Be3g1 b4
15.Nc3b1 Nc5xe4
16.Nb1d2 Ne4c5
17.Bd3c4 d5
18.Bc4b3 O-O
19.c4 bxc3
20.bxc3 Nc5xb3
21.Nd2xb3 Qc7xc3
22.Rd1c1 Qc3b4
23.f5 Nf6e4
24.fxe6 fxe6
25.Nd4xe6 Rf8xf1
26.Rc1xf1 Be7f6
27.Nb3c5 Bb7c6
28.Nc5xe4 Qb4xe4
29.Qe2xe4 dxe4
30.Ne6c5 a5
31.Rf1e1 Ra8e8
32.Bg1e3 Bf6c3
33.Re1c1 Bc3b4
34.Nc5a6 Bc6d5
35.Na6xb4 axb4
36.Rc1b1 Re8a8
37.Rb1xb4 Ra8xa2
38.Kg1 h6
39.Rb4d4 Bd5a8
40.h4 { draw }
1/2-1/2

[Event "Match"]
[Site "www.echecsemail.com"]
[Date "2017.12.05"]
[Round "1"]
[White "Bluetealeaf"]
[Black "Ssharp"]
[WhiteElo "1620"]
[BlackElo "2200"]
[Result "0-1"]
[Round "1"]
1.e4 e5
2.Bf1d3 Ng8f6
3.f3 Nb8c6
4.c3 Bf8c5
5.Qd1b3 O-O
6.g4 Nf6xg4
7.Ng1h3 Qd8h4
8.Nh3f2 Ng4xf2
9.Rh1f1 Nf2xd3
10.Kd1 Qh4h3
11.Rf1g1 Bc5xg1
12.Kc2 Qh3f1
13.Nb1a3 d6
14.c4 Nc6b4
15.Kc3 Bg1d4
{ resign }
0-1

[Event "Match"]
[Site "www.echecsemail.com"]
[Date "2017.12.05"]
[Round "1"]
[White "Karadayi"]
[Black "Bjonil60"]
[WhiteElo "1499"]
[BlackElo "1510"]
[Result "0-1"]
[Round "1"]
1.c4 Nb8c6
2.Nb1c3 e6
3.d3 Qd8e7
4.g3 Ng8f6
5.Bf1g2 a6
6.Ng1f3 d6
7.O-O Qe7d7
8.Bc1g5 Bf8e7
9.Ra1c1 O-O
10.e4 e5
11.Bg5xf6 Be7xf6
12.Nc3d5 Nc6e7
13.Nd5xf6 gxf6
14.b4 b6
 { time }
0-1

[Event "1/64 Finale"]
[Site "www.chess-mail.com"]
[Date "2017.12.05"]
[Round "1"]
[White "Mitja"]
[Black "Welberth"]
[WhiteElo "1990"]
[BlackElo "2030"]
[Result "1-0"]
[Round "1"]
1.d4 Ng8f6
2.e3 g6
3.c3 Bf8g7
4.Ng1f3 O-O
5.b3 d6
6.Bc1b2 Nb8c6
7.Bf1d3 e5
8.dxe5 Nc6xe5
9.Bd3e2 Qd8e7
10.Nf3xe5 dxe5
11.O-O Bc8d7
12.Qd1c2 Bd7c6
13.Nb1d2 Ra8d8
14.a4 Nf6h5
15.Bb2a3 Qe7g5
16.Be2f3 Rf8e8
17.Bf3xc6 bxc6
18.Nd2f3 Qg5g4
19.h3 Qg4e6
20.Rf1d1 f5
21.Rd1xd8 Re8xd8
22.Ra1d1 Rd8xd1
23.Qc2xd1 Qe6d5
24.Qd1c2 f4
25.c4 Qd5e6
26.Qc2d3 Nh5f6
27.Nf3g5 Qe6e8
28.c5 fxe3
29.Qd3xe3 Qe8e7
30.Ng5e4 Nf6d5
31.Qe3g5 Qe7xg5
{ time. }
1-0

[Event "1/128 Finale"]
[Site "www.chess-mail.com"]
[Date "2017.12.05"]
[Round "1"]
[White "Hennie4820"]
[Black "Bluetealeaf"]
[WhiteElo "2110"]
[BlackElo "1620"]
[Result "0-1"]
[Round "1"]
1.e4 e5
2.Ng1f3 f6
3.Nf3xe5 fxe5
4.Qd1h5 g6
5.Qh5xe5 Qd8e7
6.Qe5xh8 Ng8f6
7.d3 d5
8.Nb1c3 c6
9.Bf1e2 Bc8g4
10.f3 Bg4e6
11.Bc1g5 Nb8d7
12.d4 O-O-O
13.e5 Bf8g7
14.exf6 Bg7xf6
15.Bg5xf6 Nd7xf6
16.Qh8xd8 Kxd8
17.Kd2 Qe7b4
{ resign }
0-1

[Event "Fast Game"]
[Site "www.echecsemail.com"]
[Date "2017.12.05"]
[Round "1"]
[White "Pellix84"]
[Black "Aniruddhadg"]
[WhiteElo "1660"]
[BlackElo "1599"]
[Result "0-1"]
[Round "1"]
1.d4 d5
2.c4 c6
3.Nb1c3 Ng8f6
4.h3 dxc4
5.a4 Bc8f5
6.e3 Nb8a6
7.Bf1xc4 Na6b4
8.Bc4xf7 Kxf7
9.Qd1b3 e6
10.Ke2 Bf5c2
{ resign }
0-1

[Event "Fast Game"]
[Site "www.echecsemail.com"]
[Date "2017.12.05"]
[Round "1"]
[White "Mcjhz"]
[Black "Pangloss"]
[WhiteElo "1599"]
[BlackElo "1599"]
[Result "0-1"]
[Round "1"]
1.e4 e5
2.Ng1f3 Nb8c6
3.Bf1c4 Ng8f6
4.Nf3g5 Bf8c5
5.Bc4xf7 Ke7
6.Bf7d5 Rh8f8
7.d3 Bc5xf2
8.Kxf2 Nf6xd5
9.Kg1 Nd5f6
10.b3 d6
11.Nb1c3 h6
12.Ng5f3 Kf7
13.d4 exd4
14.Nf3xd4 Kg8
15.Nd4xc6 bxc6
16.Qd1d3 a5
17.Qd3c4 d5
18.Qc4xc6 Ra8a6
19.Qc6a4 Nf6xe4
20.Nc3xe4 Ra6e6
21.Bc1a3 Re6xe4
22.Qa4xa5 Qd8f6
23.Ra1d1 Qf6f2

0-1

[Event "Tourn. n9525"]
[Site "www.chess-mail.com"]
[Date "2017.12.06"]
[Round "1"]
[White "Claymil"]
[Black "Roque1"]
[WhiteElo "2080"]
[BlackElo "1930"]
[Result "1-0"]
[Round "1"]
1.c4 d6
2.Nb1c3 Ng8f6
3.g3 g6
4.Bf1g2 Bf8g7
5.e3 O-O
6.Ng1e2 Bc8g4
7.h3 Bg4f5
8.d4 Nb8c6
9.a3 Qd8d7
10.Ne2f4 Nc6a5
11.b3 c6
12.O-O d5
13.c5 b6
14.g4 Bf5e4
15.f3 Be4xf3
16.Bg2xf3 b5
17.Bc1d2 Na5b7
18.b4 a5
19.Qd1c2 a4
20.Ra1e1 Ra8e8
21.Kg2 Nb7d8
22.Nf4d3 Nd8e6
23.Nd3e5 Qd7c7
24.Nc3e2 Nf6d7
25.Ne5xd7 Qc7xd7
26.Ne2f4 Ne6xf4
27.exf4 Bg7xd4
28.Qc2d3 Bd4b2
29.Re1e2 e6
30.Bd2e1 Bb2g7
31.Be1c3 f6
32.Rf1e1 Re8e7
33.h4 Bg7h6
34.Bc3d2 f5
35.g5 Bh6g7
36.Bd2c3 Qd7c7
37.Bc3xg7 Kxg7
38.Re2xe6 Re7f7
39.Qd3d4 Kg8
40.Re6e8 Rf7g7
41.Qd4f6 Rg7f7
42.Re8xf8 Rf7xf8
43.Qf6e6 Rf8f7
44.Kg3 Kg7
45.h5 Rf7e7
46.Qe6xe7 { resign }
1-0

[Event "Tourn. n9610"]
[Site "www.chess-mail.com"]
[Date "2017.12.06"]
[Round "1"]
[White "Orhany24"]
[Black "Fantomas"]
[WhiteElo "2130"]
[BlackElo "2120"]
[Result "1/2-1/2"]
[Round "1"]
1.e4 e5
2.Ng1f3 Ng8f6
3.d3 Nb8c6
4.c4 h6
5.Nb1c3 Bf8c5
6.Bc1e3 Bc5xe3
7.fxe3 d6
8.Bf1e2 Nc6e7
9.O-O Ne7g6
10.h3 Bc8e6
11.d4 Qd8e7
12.d5 Be6c8
13.Qd1d2 O-O
14.Be2d3 Nf6h7
15.Rf1f2 Nh7g5
16.Ra1f1 Ng5xf3
17.Rf2xf3 Qe7g5
18.Qd2f2 Qg5e7
19.Qf2g3 a6
20.b4 Bc8d7
21.a4 Qe7e8
22.b5 a5
23.Nc3d1 Qe8e7
24.Nd1f2 Ng6h4
25.Nf2g4 Nh4xf3
26.Rf1xf3 Bd7xg4
27.Qg3xg4 Ra8c8
28.h4 Kh7
29.Rf3g3 Rf8g8
30.Bd3e2 Rc8f8
31.Qg4h3 g6
32.h5 Rg8g7
33.Be2g4 g5
34.Bg4f5 Kh8
35.Rg3f3 Rf8g8
{ draw }
1/2-1/2

[Event "Tourn. n9624"]
[Site "www.chess-mail.com"]
[Date "2017.12.06"]
[Round "1"]
[White "Apdash"]
[Black "Coolant"]
[WhiteElo "2260"]
[BlackElo "2330"]
[Result "0-1"]
[Round "1"]
1.e4 Nb8c6
2.d4 d5
3.e5 f6
4.f4 Bc8f5
5.Bf1d3 Nc6xd4
6.Bd3xf5 Nd4xf5
7.Ng1f3 e6
8.Nf3d4 Nf5xd4
9.Qd1xd4 c5
10.Qd4a4 Qd8d7
11.Qa4xd7 Kxd7
12.O-O Ng8h6
13.Nb1c3 Nh6f5
14.Bc1d2 Nf5d4
15.Ra1c1 f5
16.Bd2e3 Nd4c6
17.Rf1d1 Bf8e7
18.Nc3xd5 exd5
19.Rd1xd5 Ke6
20.c4 b6
21.a3 Ra8d8
22.Rc1d1 Nc6a5
23.Rd5xd8 Rh8xd8
24.Rd1c1 Na5b3
25.Rc1c3 Nb3d2
26.Rc3c2 Nd2e4
27.g3 Rd8d3
28.Be3f2 Rd3d2
29.Rc2xd2 Ne4xd2
30.Bf2e3 Nd2xc4
31.Be3c1 Kd5
32.Kf2 Nc4a5
33.Kf3 c4
34.Bc1d2 Na5c6
35.h3 Be7c5
36.g4 g6
37.Bd2c3 Bc5d4
38.Bc3xd4 Nc6xd4
39.Kg3 b5
40.h4 a5
41.gxf5 Nd4xf5
42.Kg4 b4
43.h5 c3
{ resign }
0-1

[Event "Tourn. n9635"]
[Site "www.chess-mail.com"]
[Date "2017.12.06"]
[Round "1"]
[White "Sahlapalat"]
[Black "Attatroll"]
[WhiteElo "1870"]
[BlackElo "1970"]
[Result "1-0"]
[Round "1"]
1.d4 e5
2.dxe5 Nb8c6
3.Ng1f3 Qd8e7
4.Bc1g5 Qe7b4
5.Nb1c3 Qb4xb2
6.Bg5d2 Bf8e7
7.Ra1b1 Qb2a3
8.Nc3b5 Qa3a6
9.Nb5xc7 Kd8
10.Nc7xa6 bxa6
11.e4 Bc8b7
12.Rb1xb7 Kc8
13.Bf1xa6 Kd8
14.Bd2a5 { resign }
1-0

[Event "Tourn. n9640"]
[Site "www.chess-mail.com"]
[Date "2017.12.06"]
[Round "1"]
[White "Apdash"]
[Black "Piekki"]
[WhiteElo "2220"]
[BlackElo "2130"]
[Result "0-1"]
[Round "1"]
1.e4 e5
2.f4 Bf8c5
3.Ng1f3 d6
4.d4 exd4
5.Nf3xd4 Ng8f6
6.Qd1d3 O-O
7.Bf1e2 Rf8e8
8.Be2f3 Nf6xe4
9.Bf3xe4 d5
10.c3 Re8xe4
11.Kd1 Qd8e7
12.h3 Nb8c6
13.Nd4xc6 bxc6
14.Bc1d2 a5
15.g4 Bc8a6
16.Qd3g3 d4
17.Rh1e1 Ba6e2
18.Kc1 d3
19.a4 Qe7e6
20.Re1xe2 dxe2
21.Bd2e1 Qe6b3
22.Qg3d3 Bc5e3
{ resign }
0-1

[Event "Tourn. n9599"]
[Site "www.chess-mail.com"]
[Date "2017.12.06"]
[Round "1"]
[White "Vios"]
[Black "Prize64"]
[WhiteElo "2170"]
[BlackElo "2000"]
[Result "1-0"]
[Round "1"]
1.e4 e6
2.d4 d5
3.Nb1c3 Ng8f6
4.e5 Nf6d7
5.f4 c5
6.Ng1f3 Nb8c6
7.Bc1e3 a6
8.Nc3e2 cxd4
9.Ne2xd4 Nc6xd4
10.Nf3xd4 Bf8c5
11.c3 O-O
12.Bf1d3 Qd8c7
13.O-O b5
14.Bd3xh7 Kxh7
15.Qd1h5 Kg8
16.Rf1f3 Bc5xd4
17.Be3xd4 f6
18.Rf3h3 Bc8b7
19.f5 Qc7c6
20.Qh5h7 Kf7
21.fxe6 Qc6xe6
22.exf6 Nd7xf6
23.Bd4xf6 Kxf6
24.Ra1f1 Ke7
25.Qh7xg7 Rf8f7
26.Rf1xf7 Qe6xf7
27.Rh3e3 { resign }
1-0

[Event "Tourn. n9614"]
[Site "www.chess-mail.com"]
[Date "2017.12.06"]
[Round "1"]
[White "Vios"]
[Black "Prize64"]
[WhiteElo "2200"]
[BlackElo "2040"]
[Result "1-0"]
[Round "1"]
1.e4 c5
2.Nb1c3 a6
3.Ng1f3 e6
4.d4 cxd4
5.Nf3xd4 Qd8c7
6.Bc1e3 Nb8c6
7.a3 Ng8f6
8.f4 Nc6xd4
9.Qd1xd4 Nf6g4
10.Be3c1 Bf8c5
11.Qd4xg7 Bc5f2
12.Kd1 Qc7d6
13.Bf1d3 Bf2d4
14.Qg7xg4 b5
15.e5 Qd6b6
16.Qg4g7 Rh8f8
17.Nc3e4 { resign }
1-0

[Event "Tourn. n9621"]
[Site "www.chess-mail.com"]
[Date "2017.12.06"]
[Round "1"]
[White "Prize64"]
[Black "Francesco"]
[WhiteElo "2070"]
[BlackElo "2180"]
[Result "1-0"]
[Round "1"]
1.e4 c5
2.Ng1f3 d6
3.d4 cxd4
4.Nf3xd4 Ng8f6
5.f3 g6
6.c4 Bf8g7
7.Nb1c3 O-O
8.Bc1e3 Nb8c6
9.Qd1d2 Nc6e5
10.b3 b6
11.Ra1c1 Bc8a6
12.Bf1e2 Ra8c8
13.O-O Qd8d7
14.Qd2e1 Rc8c7
15.h3 Rf8c8
16.Qe1h4 Nf6h5
17.f4 Ne5c6
18.Nd4b5 Bg7f6
19.Qh4f2 Rc7b7
20.Be2xh5 gxh5
21.Rc1d1 Kh8
22.e5 Bf6g7
23.exd6 exd6
24.Rd1xd6 Qd7e7
25.Rf1d1 Rc8e8
26.Rd6xc6 Qe7xe3
27.Qf2xe3 Re8xe3
28.Rc6c8 { resign }
1-0

[Event "Tourn. n9620"]
[Site "www.chess-mail.com"]
[Date "2017.12.06"]
[Round "1"]
[White "Numanoid"]
[Black "Apdash"]
[WhiteElo "2380"]
[BlackElo "2350"]
[Result "1/2-1/2"]
[Round "1"]
1.d4 d5
2.Nb1c3 e6
3.e4 Bf8b4
4.a3 Bb4xc3
5.bxc3 dxe4
6.Qd1g4 Qd8f6
7.Qg4xe4 Nb8c6
8.Ng1f3 h6
9.Bc1f4 Qf6d8
10.Bf1b5 Bc8d7
11.O-O Ng8f6
12.Qe4d3 a6
13.Bb5xc6 Bd7xc6
14.Nf3e5 Bc6a4
15.Ra1b1 Nf6d5
16.Bf4d2 b6
17.c4 Nd5e7
18.d5 exd5
19.Rb1b4 b5
20.cxb5 Ba4xb5
21.Rb4xb5 axb5
22.Qd3xb5 Kf8
23.Bd2b4 Kg8
24.Bb4xe7 Qd8xe7
25.Qb5xd5 Ra8xa3
26.Ne5g6 Qe7d6
27.Qd5xd6 { draw }
1/2-1/2

[Event "Tourn. n9618"]
[Site "www.chess-mail.com"]
[Date "2017.12.06"]
[Round "1"]
[White "Joaodelisboa"]
[Black "Piekki"]
[WhiteElo "2130"]
[BlackElo "2160"]
[Result "0-1"]
[Round "1"]
1.e4 e5
2.Ng1f3 Nb8c6
3.d4 exd4
4.Nf3xd4 Bf8c5
5.Nd4xc6 bxc6
6.Bf1d3 d6
7.O-O Ng8f6
8.Bc1g5 h6
9.Bg5h4 g5
10.Bh4g3 Bc8g4
11.Qd1d2 Qd8d7
12.a3 O-O
13.Kh1 Ra8e8
14.Nb1c3 Bg4h5
15.h4 Qd7g4
16.hxg5 Qg4xg5
17.Qd2xg5 hxg5
18.f3 Kg7
19.Nc3a4 Bc5d4
20.c3 Bd4e5
21.Bg3xe5 Re8xe5
22.c4 Rf8h8
23.Kg1 Bh5g6
24.Na4c3 d5
25.Ra1d1 g4
26.cxd5 Re5h5
27.Kf2 gxf3
28.Kxf3 cxd5
29.Nc3xd5 Nf6xd5
30.exd5 Bg6xd3
31.Rd1xd3 Rh5f5
{ resign }
0-1

[Event "Tourn. n9624"]
[Site "www.chess-mail.com"]
[Date "2017.12.06"]
[Round "1"]
[White "Apdash"]
[Black "Szustan"]
[WhiteElo "2250"]
[BlackElo "2510"]
[Result "0-1"]
[Round "1"]
1.d4 d5
2.Ng1f3 Ng8f6
3.e3 e6
4.c4 dxc4
5.Bf1xc4 c5
6.O-O a6
7.a4 Nb8c6
8.b3 b6
9.Bc1b2 Bc8b7
10.dxc5 Bf8xc5
11.Qd1e2 O-O
12.Rf1d1 Qd8e7
13.Nb1d2 Nc6b4
14.Nf3d4 Ra8c8
15.Nd2f3 Nf6e4
16.Nf3d2 Ne4d6
17.Qe2g4 g6
18.Nd4xe6 Nd6xc4
19.Ne6xf8 Nc4xb2
20.Nf8xg6 hxg6
21.Rd1f1 Nb2d3
22.h4 Nd3xf2
{ resign }
0-1

[Event "Tourn. n9580"]
[Site "www.chess-mail.com"]
[Date "2017.12.06"]
[Round "1"]
[White "Louis"]
[Black "Awfen"]
[WhiteElo "2010"]
[BlackElo "2050"]
[Result "0-1"]
[Round "1"]
1.e4 Nb8c6
2.Ng1f3 e5
3.Bf1e2 Ng8f6
4.d3 Bf8e7
5.O-O O-O
6.Nb1d2 d5
7.h3 d4
8.c3 Be7c5
9.cxd4 exd4
10.Nd2b3 Bc5b6
11.Bc1f4 a5
12.Nf3e5 Nc6xe5
13.Bf4xe5 c5
14.a4 Nf6d7
15.Be5d6 Rf8e8
16.Ra1c1 Re8e6
17.Bd6g3 Qd8e7
18.f4 Re6g6
19.Bg3f2 Nd7f6
20.Bf2h4 Bc8xh3
21.Rf1f2 Bh3d7
22.e5 Qe7e8
23.exf6 Qe8e3
24.fxg7 Rg6xg2
25.Kxg2 Qe3h3
{ resign }
0-1

[Event "Tourn. n9646"]
[Site "www.chess-mail.com"]
[Date "2017.12.06"]
[Round "1"]
[White "Vios"]
[Black "Apdash"]
[WhiteElo "2270"]
[BlackElo "2200"]
[Result "1-0"]
[Round "1"]
1.d4 d5
2.Ng1f3 Bc8g4
3.Nf3e5 Bg4h5
4.g4 Bh5g6
5.h4 f5
6.h5 Bg6f7
7.Ne5xf7 Kxf7
8.gxf5 Ng8f6
9.Nb1d2 Qd8d6
10.Nd2f3 Nb8d7
11.Nf3g5 Ke8
12.Ng5e6 c5
13.Bc1f4 Qd6b6
14.Ne6c7 { resign }
1-0